<?xml version="1.0" encoding="UTF-8"?>
<record
    xmlns:xsi="http://www.w3.org/2001/XMLSchema-instance"
    xsi:schemaLocation="http://www.loc.gov/MARC21/slim http://www.loc.gov/standards/marcxml/schema/MARC21slim.xsd"
    xmlns="http://www.loc.gov/MARC21/slim">

  <leader>01990nam a22002417a 4500</leader>
  <controlfield tag="005">20170310145039.0</controlfield>
  <controlfield tag="008">170310b        ag ||||| |||| 00| 0 spa d</controlfield>
  <datafield tag="050" ind1="0" ind2="4">
    <subfield code="a">KJV450</subfield>
    <subfield code="b">R57 1963</subfield>
  </datafield>
  <datafield tag="100" ind1="1" ind2=" ">
    <subfield code="a">Ripert, Georges</subfield>
  </datafield>
  <datafield tag="240" ind1="1" ind2="0">
    <subfield code="a">Trait&#xE9; de droit civil : D' Apr&#xE9;s le trait&#xE9; de Planiol</subfield>
    <subfield code="l">Franc&#xE9;s </subfield>
  </datafield>
  <datafield tag="245" ind1="1" ind2="0">
    <subfield code="a">Tratado de derecho  civil </subfield>
    <subfield code="b">: seg&#xFA;n el tratado de Planiol </subfield>
    <subfield code="c">/ Georges Ripert, Jean Boulanger ; supervici&#xF3;n Jorge Joaqu&#xED;n Llambias ; traducci&#xF3;n Del&#xED;a Garc&#xED;a Daireaux. </subfield>
  </datafield>
  <datafield tag="250" ind1=" " ind2=" ">
    <subfield code="a">1a ed. </subfield>
  </datafield>
  <datafield tag="260" ind1=" " ind2=" ">
    <subfield code="a">Buenos Aires, Argentina : </subfield>
    <subfield code="b">La Ley, </subfield>
    <subfield code="c">1963</subfield>
  </datafield>
  <datafield tag="300" ind1=" " ind2=" ">
    <subfield code="a">V. ; </subfield>
    <subfield code="c">25 cm. </subfield>
  </datafield>
  <datafield tag="504" ind1=" " ind2=" ">
    <subfield code="a">Incluye Bibliograf&#xED;as e &#xED;ndice 
</subfield>
  </datafield>
  <datafield tag="505" ind1="1" ind2=" ">
    <subfield code="t">T.3. V.2. P.2. De las personas : Filiaci&#xF3;n natural - Filiaci&#xF3;n incestuosa y adulteriana - Adopci&#xF3;n - Relaciones de familia - Alimentos - Relaciones juridicas entre los esposos - Patria potestad - Tutela - Incapacidades.</subfield>
    <subfield code="t">T.5. P.2. Obligaciones : Responsavilidad civil - Cuasicontratos - Enriquecimiento sin causa - Efecto de las obligaciones - Extinci&#xF3;n de las obligaciones.</subfield>
    <subfield code="t">T.6. Los derechos reales :  An&#xE1;lisis de los derechos reales - La propiedad inmobiliaria - La propiedad mobiliaria - Usufructo - Servidumbre - Concesiones. </subfield>
    <subfield code="t">T.7. P.2 Derechos reales : Caracteres generales de las garant&#xED;as - Publicidad inmobiliaria - Garant&#xED;as reales inmobiliarias - Garant&#xED;as mobiliarias.    </subfield>
    <subfield code="t"> T.8. Contratos civiles : Venta y permuta - Locaci&#xF3;n - Contrato de trabajo - Contrato de empresa - Mandato - Sociedades y asociaciones - Dep&#xF3;sito y pr&#xE9;stamo - Seguros - Contratos diversos.</subfield>
    <subfield code="t">T.9. Reg&#xED;menes matrimoniales : Reglas generales - R&#xE9;gimen de comunidad - Reg&#xED;menes separatistas.  </subfield>
    <subfield code="t"> T.11. Liberalidades : R&#xE9;gimen legal - Liberalidades y familia.</subfield>
  </datafield>
  <datafield tag="650" ind1=" " ind2="7">
    <subfield code="2">lemb </subfield>
    <subfield code="a">Derecho  civil</subfield>
  </datafield>
  <datafield tag="700" ind1="1" ind2=" ">
    <subfield code="a">Boulanger, Jean, </subfield>
    <subfield code="e">coautor</subfield>
  </datafield>
  <datafield tag="700" ind1="1" ind2=" ">
    <subfield code="a">Planiol, Marcel Ferdinand, </subfield>
    <subfield code="d">1853-1931</subfield>
  </datafield>
  <datafield tag="700" ind1="1" ind2=" ">
    <subfield code="a">Llambias, Jorge Joaqu&#xED;n, </subfield>
    <subfield code="e">supervisi&#xF3;n </subfield>
  </datafield>
  <datafield tag="700" ind1="1" ind2=" ">
    <subfield code="a">Garc&#xED;a Daireaux, Delia, </subfield>
    <subfield code="e">traducci&#xF3;n </subfield>
  </datafield>
  <datafield tag="942" ind1=" " ind2=" ">
    <subfield code="2">lcc</subfield>
    <subfield code="c">LIB</subfield>
  </datafield>
  <datafield tag="999" ind1=" " ind2=" ">
    <subfield code="c">129648</subfield>
    <subfield code="d">129648</subfield>
  </datafield>
  <datafield tag="952" ind1=" " ind2=" ">
    <subfield code="1">0</subfield>
    <subfield code="2">lcc</subfield>
    <subfield code="4">0</subfield>
    <subfield code="7">0</subfield>
    <subfield code="a">UCIH</subfield>
    <subfield code="b">UCIH</subfield>
    <subfield code="c">GENERAL</subfield>
    <subfield code="d">2017-03-10</subfield>
    <subfield code="f">1</subfield>
    <subfield code="k">CSA</subfield>
    <subfield code="o">KJV450 R57 1963</subfield>
    <subfield code="p">BCU000018001</subfield>
    <subfield code="r">2017-03-10 00:00:00</subfield>
    <subfield code="t">C : 1 T.3  V.2. P.2.</subfield>
    <subfield code="y">LIB</subfield>
  </datafield>
  <datafield tag="952" ind1=" " ind2=" ">
    <subfield code="1">0</subfield>
    <subfield code="2">lcc</subfield>
    <subfield code="4">0</subfield>
    <subfield code="7">0</subfield>
    <subfield code="a">UCIH</subfield>
    <subfield code="b">UCIH</subfield>
    <subfield code="c">GENERAL</subfield>
    <subfield code="d">2017-03-10</subfield>
    <subfield code="f">1</subfield>
    <subfield code="k">CSA</subfield>
    <subfield code="o">KJV450 R57 1963</subfield>
    <subfield code="p">BCU000018002</subfield>
    <subfield code="r">2017-03-10 00:00:00</subfield>
    <subfield code="t">C : 1  T.5 P.2. </subfield>
    <subfield code="y">LIB</subfield>
  </datafield>
  <datafield tag="952" ind1=" " ind2=" ">
    <subfield code="1">0</subfield>
    <subfield code="2">lcc</subfield>
    <subfield code="4">0</subfield>
    <subfield code="7">0</subfield>
    <subfield code="a">UCIH</subfield>
    <subfield code="b">UCIH</subfield>
    <subfield code="c">GENERAL</subfield>
    <subfield code="d">2017-03-10</subfield>
    <subfield code="f">1</subfield>
    <subfield code="k">CSA</subfield>
    <subfield code="o">KJV450 R57 1963</subfield>
    <subfield code="p">BCU000018003</subfield>
    <subfield code="r">2017-03-10 00:00:00</subfield>
    <subfield code="t">C : 1 T.6</subfield>
    <subfield code="y">LIB</subfield>
  </datafield>
  <datafield tag="952" ind1=" " ind2=" ">
    <subfield code="1">0</subfield>
    <subfield code="2">lcc</subfield>
    <subfield code="4">0</subfield>
    <subfield code="7">0</subfield>
    <subfield code="a">UCIH</subfield>
    <subfield code="b">UCIH</subfield>
    <subfield code="c">GENERAL</subfield>
    <subfield code="d">2017-03-10</subfield>
    <subfield code="f">1</subfield>
    <subfield code="k">CSA</subfield>
    <subfield code="o">KJV450 R57 1963</subfield>
    <subfield code="p">BCU000018004</subfield>
    <subfield code="r">2017-03-10 00:00:00</subfield>
    <subfield code="t">C : 1 T.7</subfield>
    <subfield code="y">LIB</subfield>
  </datafield>
  <datafield tag="952" ind1=" " ind2=" ">
    <subfield code="1">0</subfield>
    <subfield code="2">lcc</subfield>
    <subfield code="4">0</subfield>
    <subfield code="7">0</subfield>
    <subfield code="a">UCIH</subfield>
    <subfield code="b">UCIH</subfield>
    <subfield code="c">GENERAL</subfield>
    <subfield code="d">2017-03-10</subfield>
    <subfield code="f">1</subfield>
    <subfield code="k">CSA</subfield>
    <subfield code="o">KJV450 R57 1963</subfield>
    <subfield code="p">BCU000018005</subfield>
    <subfield code="r">2017-03-10 00:00:00</subfield>
    <subfield code="t">C : 1 T.8 </subfield>
    <subfield code="y">LIB</subfield>
  </datafield>
  <datafield tag="952" ind1=" " ind2=" ">
    <subfield code="1">0</subfield>
    <subfield code="2">lcc</subfield>
    <subfield code="4">0</subfield>
    <subfield code="7">0</subfield>
    <subfield code="a">UCIH</subfield>
    <subfield code="b">UCIH</subfield>
    <subfield code="c">GENERAL</subfield>
    <subfield code="d">2017-03-10</subfield>
    <subfield code="f">1</subfield>
    <subfield code="k">CSA</subfield>
    <subfield code="o">KJV450 R57 1963</subfield>
    <subfield code="p">BCU000018006</subfield>
    <subfield code="r">2017-03-10 00:00:00</subfield>
    <subfield code="t">C : 1 T.9 </subfield>
    <subfield code="y">LIB</subfield>
  </datafield>
  <datafield tag="952" ind1=" " ind2=" ">
    <subfield code="1">0</subfield>
    <subfield code="2">lcc</subfield>
    <subfield code="4">0</subfield>
    <subfield code="7">0</subfield>
    <subfield code="a">UCIH</subfield>
    <subfield code="b">UCIH</subfield>
    <subfield code="c">GENERAL</subfield>
    <subfield code="d">2017-03-10</subfield>
    <subfield code="f">1</subfield>
    <subfield code="k">CSA</subfield>
    <subfield code="o">KJV450 R57 1963</subfield>
    <subfield code="p">BCU000018007</subfield>
    <subfield code="r">2017-03-10 00:00:00</subfield>
    <subfield code="t">C : 1 T.11</subfield>
    <subfield code="y">LIB</subfield>
  </datafield>
</record>
